La casa de los espíritus / Isabel Allende
La casa de los espíritus, la primera novela de Isabel Allende, narra la historia de la familia Trueba y la familia del Valle, en donde cuatro generaciones de sus mujeres específicamente, experimentan el machismo, el conservadurismo y la injusticia social de una Latinoamérica, caracterizada por la in...
Guardado en:
| Hovedforfatter: | |
|---|---|
| Format: | Bog |
| Sprog: | Undetermined |
| Udgivet: |
Barcelona, España
Plaza & Janés editores
2000
|
| Fag: | |
| Tags: |
Tilføj Tag
Ingen Tags, Vær først til at tagge denne postø!
|
MARC
| LEADER | 00000nam a2200000Ia 4500 | ||
|---|---|---|---|
| 008 | 170316s9999 xx 000 0 und d | ||
| 040 | |a cru BVZT | ||
| 090 | |a 860 A-13c | ||
| 100 | |a Allende, Isabel | ||
| 245 | |a La casa de los espíritus / Isabel Allende | ||
| 260 | |a Barcelona, España | ||
| 260 | |b Plaza & Janés editores | ||
| 260 | |c 2000 | ||
| 300 | |a 455 páginas | ||
| 520 | |a La casa de los espíritus, la primera novela de Isabel Allende, narra la historia de la familia Trueba y la familia del Valle, en donde cuatro generaciones de sus mujeres específicamente, experimentan el machismo, el conservadurismo y la injusticia social de una Latinoamérica, caracterizada por la inestabilidad política y las dictaduras. La novela aborda las vivencias a las que se enfrentan las protagonistas, envueltas entre el misterio y lo sobrenatural de sus habilidades, así como también refleja, el rol de la mujer en un Chile que atraviesa grandes cambios sociales, políticos y económicos. | ||
| 650 | |a LITERATURA LATINOAMERICANA |9 15 | ||
| 650 | |a NOVELA |9 13 | ||
| 999 | |c 8295 |d 8295 | ||
| 942 | |c 4 D |h 860 A-13c |2 z | ||
